Economic analysis of water resources projects in developing countries : a case study of the Helmand-Arghandab Valleys Projects in Afghanistan /

Bibliographic Details
Main Author: Asiel, Murad Ali
Format: Thesis Microform Book
Language:English
Published: [Place of publication not identified] : [publisher not identified] ; 1974.
Subjects:

MARC

Tag First Indicator Second Indicator Subfields
LEADER 00000cam a2200000 a 4500
001 in00000016305
005 20151007052733.0
007 hd afb|||||||
008 880526r19751974miua ab 00010 eng d
035 |a (OCoLC)18002209 
035 |9 AAA8991AM 
040 |a TXA  |c TXA  |d UtOrBLW 
043 |a d------  |a a-af--- 
049 |a TXAI 
099 |a film  |a B  |a 3594 
100 1 |a Asiel, Murad Ali. 
245 1 0 |a Economic analysis of water resources projects in developing countries :  |b a case study of the Helmand-Arghandab Valleys Projects in Afghanistan /  |c by Murad Ali Asiel. 
264 1 |a [Place of publication not identified] :  |b [publisher not identified] ;  |c 1974. 
300 |a xix, 714 leaves :  |b illustrations 
336 |a text  |b txt  |2 rdacontent 
337 |a microform  |b h  |2 rdamedia 
338 |a microfilm reel  |b hd  |2 rdacarrier 
502 |b Ph. D.  |c University of Colorado  |d 1974. 
504 |a Bibliography: leaves 708-714. 
533 |a Microfilm.  |b Ann Arbor, Mich. :  |c Xerox University Microfilms,  |d 1975.  |e 1 microfilm reel ; 35 mm. 
500 |a Microform. 
650 0 |a Water resources development  |z Afghanistan  |x Cost effectiveness. 
650 0 |a Water resources development  |z Developing countries. 
650 0 |a Economic assistance  |x Case studies. 
650 0 |a Economic development projects  |z Afghanistan. 
999 |a MARS 
999 f f |s a121a58c-2430-379d-a9a2-bff38c6e974a  |i 31088e48-0039-3dc0-814c-502a325d67be  |t 0 
952 f f |p default  |a Texas A&M University  |b College Station  |c Sterling C. Evans Library  |d Evans: Microforms (3rd floor)  |t 0  |e film B 3594  |h Other scheme  |i microform -- microfilm reel 
998 f f |a film B 3594  |t 0  |l Evans: Microforms (3rd floor)